000 00230nam a22000977a 4500
008 160510b xxu||||| |||| 00| 0 eng d
041 _aeng
080 _a611
245 _aAnatomy and physiology:
_cBy Dr James Bevan;
942 _2udc
_cBK
999 _c1964
_d1964